000 00661nam a22002057a 4500
005 20251108171131.0
008 250721s1982 xx 000 0 ara d
082 1 4 _a214/محم
100 1 _aإبن عبد الوهاب، محمد
245 1 0 _aكتاب التوحيد /
246 1 3 _aكتاب القول السديد في مقاصد التوحيد
264 1 _aالرياض :
_bمكتبة المعارف،
_c1982.
300 _a196ص.
650 1 7 _aالإسلام
650 1 7 _aأصول الدين الإسلامي
650 1 7 _aالتوحيد
700 1 _aإبن سعدي، عبد الرحمن بن ناصر
942 _2ddc
_cBK
999 _c57467
_d57467